| 000 | 01348nam a2200325 a 4500 | ||
|---|---|---|---|
| 001 | ebr10671082 | ||
| 003 | CaPaEBR | ||
| 006 | m u | ||
| 007 | cr cn||||||||| | ||
| 008 | 100408s2010 nyua sb 001 0 eng d | ||
| 010 | _z 2010012203 | ||
| 020 | _z9781616688356 (hardcover) | ||
| 020 | _z9781613243831 (e-book) | ||
| 040 |
_aCaPaEBR _cCaPaEBR |
||
| 035 | _a(OCoLC)733057998 | ||
| 050 | 1 | 4 |
_aQD96.I5 _bF685 2010eb |
| 082 | 0 | 4 |
_a535.8/42 _222 |
| 245 | 0 | 0 |
_aFourier transform infrared spectroscopy _h[electronic resource] : _bdevelopments, techniques and applications / _cOliver J. Rees, [editor]. |
| 260 |
_aNew York : _bNova Science Publishers, _cc2010. |
||
| 300 |
_axi, 215 p. : _bill. |
||
| 490 | 1 | _aChemical engineering methods and technology | |
| 504 | _aIncludes bibliographical references and index. | ||
| 533 |
_aElectronic reproduction. _bPalo Alto, Calif. : _cebrary, _d2013. _nAvailable via World Wide Web. _nAccess may be limited to ebrary affiliated libraries. |
||
| 650 | 0 | _aFourier transform infrared spectroscopy. | |
| 655 | 7 |
_aElectronic books. _2local |
|
| 700 | 1 | _aRees, Oliver J. | |
| 710 | 2 | _aebrary, Inc. | |
| 830 | 0 | _aChemical engineering methods and technology. | |
| 856 | 4 | 0 |
_uhttp://site.ebrary.com/lib/rucke/Doc?id=10671082 _zAn electronic book accessible through the World Wide Web; click to view |
| 999 |
_c162150 _d162150 |
||